Statistics for Random Numbers

Click here to take the quiz!

General Stats

  • This quiz has been taken 22 times
  • The average score is 14 of 15

Answer Stats

HintAnswer% Correct
What is 6-3?3
100%
What is 15+15?30
100%
What is 2+2?4
100%
What is 44-1?43
100%
What is 4+3?7
100%
What is 3×3?9
100%
What is 12×12?144
95%
What is 1+1?2
95%
What is 5×5?25
95%
What is 6×6?36
95%
Finally, what is 1+2+3+4+5+6+7+8+9+0?45
95%
What is 1,000-500?500
95%
What is 3+3?6
95%
What is 4+4?8
95%
Type the numbers on the clock, or watch. Also do not do spaces!123456789101112
76%

Score Distribution

Percentile by Number Answered

Percent of People with Each Score

Your Score History

You have not taken this quiz